Top 10 Chicago White Sox of All-Time - Statistics

General Stats
  • This quiz has been taken 1,777 times
  • The average score is 4 of 10
Answer Stats
WAR Years Position Answer % Correct
68.1 1990-2005 1B/DH Frank Thomas
96%
42.8 2000-2011 P Mark Buehrle
62%
41.8 1951-1957, 1960-1961, 1964, 1976, 1980 OF Minnie Minoso
46%
43.8 1950-1963 2B Nellie Fox
37%
75.9 1930-1950 SS Luke Appling
35%
64.5 1915-1926 2B Eddie Collins
24%
55.9 1923-1942, 1946 P Ted Lyons
17%
49.2 1904-1916 P Ed Walsh
15%
51.0 1949-1961 P Billy Pierce
13%
54.6 1914-1933 P Red Faber
11%
No matching quizzes found
Score Distribution
Percent of People with Each Score
Percentile by Number Answered
Your Score History
You have not taken this quiz